00699cam a22002297a 4500001000500000005001700005020003000022040001800052050001500070082001100085100001900096245003600115250001900151260003800170300005700208490001700265505000800282520011900290521002000409521002000429650002000449320720250507105225.0 a9780061928772 (pbk. bdg.) aDLCcDLCbeng00aPZ7.K12774 a813.541 aKann, Victoria10aTickled pink /cKann, Victoria  aFirst edition  aNew York :bHarperFestival,c2010 a24 unnumbered pages : bcolor illustration ;c21 cm.0 aPinkalicious aG  aWhen Tiffany challenges her to a laugh-off, Pinkalicious is determined to come up with the all-time funniest joke. a400 bLexile  aG bRaz-Plus  apink vfiction